000 00639nam a22002297a 4500
003 UA-OsUOA
001 92415
007 ta
008 20121217b un ||||| |||| 00| 0 ukr d
100 _aАнненков П.
090 _a821.161.1
_bА68
942 _cBK
040 _aUA-OsUOA
_brus
_cUA-OsUOA
_dUA-OsUOA
245 _aЛитературные воспоминания
300 _a694 с.
955 _a3
041 _arus
080 _a821.161.1
260 _aМ.
_bХудожественная литература
_c1983
650 7 _a82 Література. Літературознавство
_2UDC
999 _c378660
_d378660